Online
Catalog

Aplicaciones del control de producción / (Record no. 22592)

MARC details
000 -CABECERA
campo de control de longitud fija 00690nam a2200217 a 4500
001 - NÚMERO DE CONTROL
campo de control 000023095
005 - FECHA Y HORA DE LA ÚLTIMA TRANSACCIÓN
campo de control 20200930022002.0
008 - DATOS DE LONGITUD FIJA--INFORMACIÓN GENERAL
campo de control de longitud fija 101126s1967 sp ad r 000 0 spa d
040 ## - FUENTE DE LA CATALOGACIÓN
Centro catalogador/agencia de origen DO-SdBNP
Lengua de catalogación spa
Centro/agencia transcriptor BNPHU
082 ## - NÚMERO DE LA CLASIFICACIÓN DECIMAL DEWEY
Número de clasificación xxxx
Número de documento/Ítem A719a
049 ## - FONDOS LOCALES (OCLC)
Fondos de biblioteca BNGR
100 1# - ENTRADA PRINCIPAL--NOMBRE DE PERSONA
Nombre de persona Arjona Ciria, Antonio
9 (RLIN) 47543
245 10 - MENCIÓN DE TÍTULO
Título Aplicaciones del control de producción /
Mención de responsabilidad, etc. Antonio Arjona Ciria.
260 ## - PUBLICACIÓN, DISTRIBUCIÓN, ETC.
Lugar de publicación, distribución, etc. Bilbao :
Nombre del editor, distribuidor, etc. Deusto,
Fecha de publicación, distribución, etc. 1967.
300 ## - DESCRIPCIÓN FÍSICA
Extensión 159 :
Otras características físicas il., diag. ;
Dimensiones 21 cm.
490 1# - MENCIÓN DE SERIE
Mención de serie Manuales practicos de gestión de empresas
490 1# - MENCIÓN DE SERIE
Mención de serie Serie C
500 ## - NOTA GENERAL
Nota general Incluye notas al pie de las páginas.
830 #0 - PUNTO DE ACCESO ADICIONAL DE SERIE-TÍTULO UNIFORME
Título uniforme Manuales practicos de gestión de empresas
9 (RLIN) 29511
830 #0 - PUNTO DE ACCESO ADICIONAL DE SERIE-TÍTULO UNIFORME
Título uniforme Serie C
9 (RLIN) 47548
Holdings
Estado de retiro Estado de pérdida Restricciones de uso No para préstamo Código de colección Localización permanente Ubicación/localización actual Ubicación en estantería Fecha de adquisición Número de inventario Total de préstamos Signatura topográfica completa Código de barras Fecha visto por última vez Precio válido a partir de Tipo de ítem Koha
        Monografías: Libros y Folletos General General En catalogación 26.11.2010 LF1   xxxx A719a 23095-10 25.06.2020 25.06.2020 Préstamo en sala

Powered by Koha